| 000 | 00950nam a2200229Ia 4500 | ||
|---|---|---|---|
| 003 | Ost | ||
| 005 | 20260507075018.0 | ||
| 008 | 260507s9999||||xx |||||||||||||| ||und|| | ||
| 040 | _cfsecg | ||
| 041 | _aara | ||
| 082 | _a658.8 | ||
| 100 |
_aأبو نبعة، مصطفى عبد العزيز _eمؤلف |
||
| 245 | 0 |
_aمبادئ التسويق الحديث : _bبين النظرية والتطبيق / _c مصطفى عبد العزيز أبو نبعة |
|
| 250 | _aطبعة 3 | ||
| 260 |
_aعمان: _bدار المناهج, _c2002 |
||
| 300 |
_a594 صفحة؛ _bإيضاحات ؛ _c24 سم |
||
| 520 | _aمفاهيم تسويقية حديثة-البيئة التسويقية-مدخلات التسويق-العملية التسويقية-مخرجات التسويق-نظام معلومات التسويق | ||
| 653 | _aالبيئة التسويقية | ||
| 653 | _aالتسويق | ||
| 653 | _aالتسويق الحديث | ||
| 942 | _cكتاب | ||
| 999 |
_c42235 _d42235 |
||